000 00383 a2200145 4500
003 NUST
005 20230302093210.0
040 _cNust
082 _a297.122,AZI
100 _aAziz, Abdul bin Abdullah bin Baz
_9109099
245 _aSahih Islami Aqeedah /
_cAbdul Aziz bin Abdullah bin Baz
260 _aLahore
_bDar-su-Salam
300 _a61 pages
942 _cBVOL
_2ddc
_k297.122,AZI
999 _c194076
_d194076